000 00685nam a2200217 i 4500
001 67889
003 ES-MaACL
005 20230906170151.0
007 t|
008 040216s1952 sp ||||1| spa d
100 1 _aGallegos, Rómulo.
_953598
245 1 3 _aEl forastero
_b: ; seguida de Los inmigrantes ; El milagro del año /
_cRómulo Gallegos ; nota preliminar de F.S.R.
260 _aMadrid :
_bAguilar,
_c[1952] (
_fMarto)
300 _a407 p. :
_b1 ret. aut. ;
_c12 cm.
490 1 _aUrisol ;
_v348
740 4 _aLos inmigrantes.
740 3 _aEl milagro del año.
830 0 _aUrisol ;
_v348
_9230918
852 _aES-MaACL
_jD-8396
_bR.32759
999 _c67889
_d67889